000 00824cam a22003011 4500
999 _c17766
_d17766
001 9836881
003 BDDh-ASL
005 20231015025633.0
008 740802s1961 nyu 000 0 eng
010 _a 61005713
035 _a(OCoLC)971701
040 _aDLC
_cTxU-Da
_dBDDh-ASL
042 _apremarc
043 _aa-ii---
050 0 0 _aHC435
_b.J23
082 _a300
_bWAI
100 1 _aWard, Barbara,
_d1914-1981.
245 1 0 _aIndia and the West/
_cBarbara Ward.
250 _a[1st ed.]
260 _aNew York:
_bNorton,
_c[1961].
300 _a256 p.:
_c22 cm.
650 0 _aEconomic assistance
_zIndia.
650 0 _aEconomic development.
650 0 _aEconomic history
_y20th century.
651 0 _aIndia
_xEconomic policy.
906 _a7
_bcbc
_coclcrpl
_du
_encip
_f19
_gy-gencatlg
942 _2ddc
_cBK